Intercommunalités de la Haute-Vienne - Statistiques

Statistiques générales
  • Ce quiz a été pris 129 fois
  • Le résultat moyen est 7 sur 13
Statistiques - réponses
Nombres de Communes Intercommunalités % Correct
20 Limoges Métropole
97%
40 Communauté de communes Haut-Limousin en Marche
72%
13 Communauté de communes Porte Océane du Limousin
66%
24 Communauté de communes Élan Limousin Avenir Nature
63%
12 Communauté de communes de Noblat
56%
12 Communauté de communes des Portes de Vassivière
56%
09 (dont 02 dans la Corrèze) Communauté de communes du Pays de Saint-Yrieix
56%
09 Communauté de communes du Val de Vienne
53%
15 Communauté de communes Pays de Nexon-Monts de Châlus
53%
06 Communauté de communes Gartempe Saint-Pardoux
47%
10 Communauté de communes Briance-Combade
34%
11 Communauté de communes Briance Sud Haute-Vienne
31%
16 Communauté de communes Ouest Limousin
28%
Aucun quiz correspondant
Distribution des résultats
% des personnes avec chaque résultat
Percentile par nombre de réponses
Votre historique - résultats
Vous n’avez pas pris ce quiz